000 00334nam a2200133 i 4500
001 bg
100 1 _aSZARRAS, Henryk
245 0 _aKształcenie kadr naukowych w szkolnictwie wyższym /
_cHenryk Szarras.
260 _aWarszawa,
_c1977.
040 _cBPK
041 _apol
942 _cKS
008 s pl f |000 0 pol
999 _c17524
_d17524
856 _uhttp://koha.tu.koszalin.pl/cgi-bin/koha/opac-detail.pl?biblionumber=17524
_yKatalog online BPK